Tự học Final After Effect Titleexpress Adobe Premiere

Quyển sách này trình bày 12 hiệu ứng, 4 chuyển cảnh của Final After Effect và qui trình tạo tiêu đề phim bằng chương trình TitleExpress chạy trên nền Premiere.

Bewaard in:
Bibliografische gegevens
Hoofdauteur: Quang Huấn
Formaat: Boek
Taal:Undetermined
Gepubliceerd in: Hà Nội Giao thông Vận tải 2004
Onderwerpen:
Tags: Voeg label toe
Geen labels, Wees de eerste die dit record labelt!
Thư viện lưu trữ: Trung tâm Học liệu Trường Đại học Cần Thơ
LEADER 00919nam a2200217Ia 4500
001 CTU_95047
008 210402s9999 xx 000 0 und d
020 |c 55000 
082 |a 778.590285 
082 |b Qu106 
100 |a Quang Huấn 
245 0 |a Tự học Final After Effect Titleexpress Adobe Premiere 
245 0 |c Quang Huấn, Quang Huy, Quang Hân 
260 |a Hà Nội 
260 |b Giao thông Vận tải 
260 |c 2004 
520 |a Quyển sách này trình bày 12 hiệu ứng, 4 chuyển cảnh của Final After Effect và qui trình tạo tiêu đề phim bằng chương trình TitleExpress chạy trên nền Premiere. 
650 |a Motion pictures,Video recordings 
650 |x Production and direction,Computer programs,Production and direction,Computer programs 
904 |i Trúc 
980 |a Trung tâm Học liệu Trường Đại học Cần Thơ